000 01172nam a2200205Ia 4500
999 _c33616
_d33616
003 OSt
005 20210616100730.0
008 160316s2011 xxu||||| |||| 00| 0 eng d
040 _cn
082 _a346.092000
_bAGR-2
100 _aAgrawal Sumit
245 _aSEBI act : A legal commentary on securities and exchange board of India act, 1992
260 _aNew Delhi
_bTaxmann Allied Services (P) Ltd.
_c2011
300 _a1034p
_cxcviii
365 _b Rs. 1,795
505 _aCONTENTS; Securities and Exchange Board of India Act, 1992; Preamble, CHAPTER I Preliminary; CHAPTER II Establishment of the Securities and Exchange Board of India; CHAPTER III Transfer of Assets, Liabilities, etc., of the Existing Securities and Exchange Board to the Board; CHAPTER IV Powers of Functions of the Board; CHAPTER V Registration Certificate; CHAPTER VI Finance Accounts and Audit; CHAPTER VIA Penalties and Adjudication; CHAPTER VIB Establishment, jurisdiction, Authority and Proceedure of Appallete Tribunal; CHAPTER VII Miscellaneous; Annexures.
650 _a1. SEBI - Act - Rles - Commentary
700 _aBaby Robin Jospeh
_a
942 _2ddc
_cBK